000 01186cad a22001935a 4500
001 L150419
008 100712e2010 xxk 000 0 eng d
035 _a(Sirsi) u150419
041 0 _aeng
110 2 _aLambert Smith Hampton
_92865
245 0 0 _aLambert Smith Hampton
_bViewpoint: the logistics and industrial market in figures 1 July 2010
_h[electronic resource]
260 _a[S.I.]
_bLSH
_c2010
520 _aHighlights some of the most interesting developments to take place in the industrial sector during 2009 and the first half of 2010. On average, warehouse and industrial rental values fell by -4.5% during 2009.The distribution market decline was larger than that in the industrial sector with rental values falling by -5.3%. This fall in rental values is expected to continue through to mid/late 2011 although the pace of decline will ease and it is anticipated that during the current downturn rental values will fall by -8.5%.
590 _aKA
651 4 _aUnited Kingdom
_y
690 _aPROPERTY-COMMERCIAL PROPERTY-COMMERCIAL PROPERTY MARKET
856 4 8 _uhttps://www.lsh.co.uk/pages/views_list.asp
_zView the article free of charge at www.lsh .co.uk
942 _n0
999 _c82499
_d82499